Words of the Magnificat - Statistics

General Stats
  • This quiz has been taken 14 times
  • The average score is 117 of 159
Answer Stats
Text % Correct
God
91%
Lord.
91%
magnify
91%
My
91%
my
91%
soul
91%
And
82%
and
82%
as
82%
be
82%
be:
82%
Father
82%
For
82%
for
82%
forever.
82%
Ghost;
82%
Glory
82%
hath
82%
He
82%
His
82%
his
82%
holy
82%
Holy
82%
in
82%
is
82%
me
82%
me:
82%
Name.
82%
shall
82%
Son:
82%
spirit
82%
the
82%
to
82%
with
82%
Amen.
73%
away.
73%
beginning,
73%
doth
73%
empty
73%
end.
73%
ever
73%
good
73%
humble
73%
hungry
73%
it
73%
now,
73%
our
73%
rich
73%
Saviour.
73%
sent
73%
servant
73%
things:
73%
was
73%
without
73%
world
73%
Abraham
64%
all
64%
exalted
64%
fear
64%
filled
64%
forefathers,
64%
from
64%
handmaiden:
64%
hearts.
64%
Him:
64%
Israel:
64%
meek.
64%
mercy
64%
of
64%
on
64%
promised
64%
regarded:
64%
rejoiced
64%
seat:
64%
seed
64%
that
64%
them
64%
arm:
55%
behold,
55%
blessed.
55%
call
55%
down
55%
generations
55%
generations.
55%
henceforth:
55%
holpen
55%
imagination
55%
lowliness
55%
magnified
55%
mighty
55%
proud
55%
scattered
55%
strength
55%
their
55%
throughout
55%
put
45%
remembering
45%
shewed
36%
No matching quizzes found
Score Distribution
Percent of People with Each Score
Percentile by Number Answered
Your Score History
You have not taken this quiz